Teach Yourself Visually Windows Xp / (Record no. 36070)

MARC details
000 -LEADER
fixed length control field 00457nam a22001697a 4500
005 - DATE AND TIME OF LATEST TRANSACTION
control field 20240707122249.0
008 - FIXED-LENGTH DATA ELEMENTS--GENERAL INFORMATION
fixed length control field 240707b |||||||| |||| 00| 0 eng d
020 ## - INTERNATIONAL STANDARD BOOK NUMBER
ISBN 9780764536199
082 ## - DEWEY DECIMAL CLASSIFICATION NUMBER
Classification number 005.446
Item number MAR-T
100 ## - MAIN ENTRY--AUTHOR
Author Name Ruth, Maran
245 ## - TITLE STATEMENT
Title Teach Yourself Visually Windows Xp /
Statement of responsibility, etc. Ruth Maran
260 ## - PUBLICATION, DISTRIBUTION, ETC.
Place of Publication usa:
Name of publisher, distributor, etc. Pearson;
Date of publication, distribution, etc. 2001.
300 ## - PHYSICAL DESCRIPTION
Pages xxii, 307 p. :
500 ## - GENERAL NOTE
General note include index.
650 ## - SUBJECT ADDED ENTRY--TOPICAL TERM
Subject / Department Networking
300 ## - PHYSICAL DESCRIPTION
-- ill;
-- 24 cm.
952 ## - LOCATION AND ITEM INFORMATION (KOHA)
-- 0
-- 0
Holdings
Lost status Damaged status Collection code Permanent Location Current Location Shelving Location Date acquired Accession No./Barcode Date last seen Copy number item type Koha item type
    CS/IT Superior Information Resource Center (SIRC) Superior University- Gold Campus Superior Information Resource Center (SIRC) Superior University- Gold Campus Networking 07/07/2024 005.446 MAR-T 2001 07/07/2024 16240 BOOK BOOK

Powered by Koha